UM Logo

Predicting overall customer satisfaction : (Record no. 17667)

MARC details
000 -LEADER
fixed length control field 00727nam a22001937a 4500
003 - CONTROL NUMBER IDENTIFIER
control field OSt
005 - DATE AND TIME OF LATEST TRANSACTION
control field 20221129105155.0
008 - FIXED-LENGTH DATA ELEMENTS--GENERAL INFORMATION
fixed length control field 221129b ||||| |||| 00| 0 eng d
040 ## - CATALOGING SOURCE
Transcribing agency 0
082 ## - DEWEY DECIMAL CLASSIFICATION NUMBER
Edition number DPer 910.46 T156 2019 v76PA-76PB
100 ## - MAIN ENTRY--PERSONAL NAME
Personal name Zhao, Yabing.
Relator term author.
9 (RLIN) 46912
245 ## - TITLE STATEMENT
Title Predicting overall customer satisfaction :
Remainder of title big data evidence from hotel online textual reviews /
Statement of responsibility, etc. Yabing Zhao, Xun Xu, Mingshu Wang.
260 ## - PUBLICATION, DISTRIBUTION, ETC. (IMPRINT)
Place of publication, distribution, etc. Amsterdam :
Name of publisher, distributor, etc. Elsevier,
Date of publication, distribution, etc. ©January 2019.
300 ## - PHYSICAL DESCRIPTION
Extent v 76PA, pages 111-121 :
Other physical details illustrations.
500 ## - GENERAL NOTE
General note International Journal of Hospitality Management. volume 76PA , January 2019.
650 ## - SUBJECT ADDED ENTRY--TOPICAL TERM
Source of heading or term Hospitality industry.
650 ## - SUBJECT ADDED ENTRY--TOPICAL TERM
Source of heading or term Consumer satisfaction.
942 ## - ADDED ENTRY ELEMENTS (KOHA)
Source of classification or shelving scheme Dewey Decimal Classification
Koha item type Periodicals
Holdings
Withdrawn status Lost status Source of classification or shelving scheme Damaged status Not for loan Collection code Home library Current library Date acquired Total Checkouts Full call number Date last seen Price effective from Koha item type Public note
    Dewey Decimal Classification     Periodicals UM Digos College - LIC UM Digos College - LIC 11/29/2022   DPer 910.46 T156 2019 v76PA-76PB 11/29/2022 11/29/2022 Periodicals Periodical articles